Statistics for [路線図付き] JR東日本 高崎線 駅名穴埋めクイズ

Click here to take the quiz!

General Stats

  • This quiz has been taken 447 times
  • The average score is 21 of 25

Answers on the Map

Answers color-coded by a green-red scale on the quiz's map according to % correct below.
 

Answer Stats

Answer% Correct
高崎線高崎
98%
高崎線JU07大宮
96%
高崎線JU02上野
95%
高崎線JU04赤羽
95%
高崎線熊谷
94%
高崎線JU05浦和
94%
高崎線JU06さいたま新都心
94%
高崎線JU01東京
94%
高崎線JU03尾久
91%
高崎線籠原
89%
高崎線上尾
89%
高崎線鴻巣
87%
高崎線本庄
86%
高崎線深谷
85%
高崎線倉賀野
84%
高崎線北上尾
84%
高崎線北鴻巣
83%
高崎線北本
82%
高崎線桶川
82%
高崎線宮原
78%
高崎線行田
76%
高崎線新町
72%
高崎線神保原
70%
高崎線吹上
68%
高崎線岡部
66%

Score Distribution

Percentile by Number Answered

Percent of People with Each Score

Your Score History

You have not taken this quiz